000 00292nam a22001337a 4500
008 180301b xxu||||| |||| 00| 0 eng d
020 _a9781897884904
041 _aeng
080 _a574
100 _a9
101 _aMJE
245 _aExpert guide: Marine life
_cWright,M
942 _2udc
_cBK
999 _c43818
_d43818